Soccer Quiz II - Statistics

General Stats
  • This quiz has been taken 64 times
  • The average score is 6 of 10
Answer Stats
Hint Answer % Correct
Scored the winner of the 2014 WC Mario Götze
96%
Michael Essien´s nationality Ghana
86%
Juve´s nickname The old lady
79%
Mehdi Benatia´s nationality Morocco
75%
Team captain of Tottenham Hotspur Hugo Lloris
74%
Ballon d´or winner 2006 Fabio Cannavaro
72%
Keeper who conceded Andrea Pirlo´s Panenka pen 2012 Joe Hart
65%
Swansea one season wonder 2012 Michu
56%
Chelsea manager during the 2012 CL trophy Roberto Di Matteo
30%
West Ham keeper 2018/19 Lukas Fabianski
14%
No matching quizzes found
Score Distribution
Percent of People with Each Score
Percentile by Number Answered
Your Score History
You have not taken this quiz